000 00590nam a2200217 4500
003 OSt
005 20260530115313.0
008 260505b |||||||| |||| 00| 0 eng d
040 _aICI
_bSPA
_cICI
050 _aTT185
_bB38
245 1 0 _aBasic Carpentry
264 1 _aLondon :
_bMarshall Cavendish,
_c1977
300 _a64 páginas
_b:ilustraciones
336 _atexto
_2rdacontent
337 _asin medio
_2rdamedia
338 _avolumen
_2rdacarrier
650 4 _aCarpintería
650 4 _aConstrucción en madera
650 4 _aHerramientas para madera
_933104
942 _2lcc
_cBK
_n1
999 _c13445
_d13445